LEADER 01070nam0 2200265 450 001 000035120 005 20221220114459.0 010 $a978-88-8422-999-1 100 $a20221220d20102010km-y0itay50------ba 101 0 $aita 102 $aIT 105 $ay-------001yy 200 1 $a<>evoluzione dei sistemi giurisdizionali regionali ed influenze comunitarie$eSalerno 1-2 ottobre 2009$f[ a cura di ] Piero Pennetta 210 $aBari$cCacucci Editore$d2010 215 $aVIII, 354 p.$d24 cm 410 0$12001$aCollana di studi sull'integrazione europea$v2 500 10$a<>evoluzione dei sistemi giurisdizionali regionali ed influenze comunitarie$92983746 610 1 $aRelazioni con l'Unione Europea$aOrganizzazioni internazionali 676 $a341.2$v22$9Diritto internazionale 700 1$aPennetta,$bPiero$0230641 801 0$aIT$bUNIPARTHENOPE$c20221220$gREICAT$2UNIMARC 912 $a000035120 951 $a341-E/11$b48771$cNAVA1$d2022 996 $aEvoluzione dei sistemi giurisdizionali regionali ed influenze comunitarie$92983746 997 $aUNIPARTHENOPE